Konstruktionslehre des Stahlbetons.Band 2.Tragwerke : Teil B:Entstehen und Bestehen der Bauwerke /
Saved in:
| Main Authors: | , , |
|---|---|
| Format: | Book |
| Language: | German |
| Published: |
Berlin :
Springer Verlag,
1991
|
| Edition: | 2.preprac.vyd. |
| Tags: |
No Tags, Be the first to tag this record!
|
MARC
| LEADER | 00000nam a22000003a 4500 | ||
|---|---|---|---|
| 001 | stu27486 | ||
| 005 | 20150617225739.1 | ||
| 008 | 940413s1991----gw------------------ger-d | ||
| 020 | |a 3-540-52245-X | ||
| 040 | |a STU |b slo | ||
| 041 | 0 | |a ger | |
| 044 | |a gw | ||
| 080 | |a 624.012.3/.4 |7 stu_us_auth*stu4207 | ||
| 080 | |a 693.5 |7 stu_us_auth*stu4192 | ||
| 100 | 1 | |a Franz, G |4 aut | |
| 245 | 1 | |a Konstruktionslehre des Stahlbetons.Band 2.Tragwerke : |b Teil B:Entstehen und Bestehen der Bauwerke / |c [aut]Franz,G.;Hampe,E.;Schäfer,K | |
| 250 | |a 2.preprac.vyd. | ||
| 260 | |a Berlin : |b Springer Verlag, |c 1991 | ||
| 300 | |a 11,464 s | ||
| 700 | 1 | |a Hampe, Erhard |4 aut | |
| 700 | 1 | |a Schäfer, K |4 aut | |
| 996 | |c V*42441/O-18134 |l VV1 |s P |a 0 |w stu27486_0001 | ||